| 000 | 00368nam a22001577a 4500 | ||
|---|---|---|---|
| 003 | SGT | ||
| 082 | _a378,RUH | ||
| 100 | _aRUHELA,S.P. | ||
| 245 | _aSOCIOLOGICAL PERSPECTIVES ON INDIAN HIGHER EDUCATION | ||
| 250 | _a1ST | ||
| 260 |
_aDELHI _bINDIAN PUBLICATION _c2014 |
||
| 300 | _a218 | ||
| 650 | _aHIGHER EDUCATION | ||
| 653 | _aHIGHER EDUCATION | ||
| 942 |
_2ddc _cBK |
||
| 999 |
_c8794 _d8794 |
||